000 01030cam a2200229 4500
001 WB3547-17
008 000000n1999 000 0 eng u
035 _a(Sirsi) u102999
245 _aCrossRail 'will not hit public purse'
260 _c1999
490 _aEstates Gazette
_v(9947) 27 November 1999, 35(1)
520 _aThe Corporation of London has announced details of public-private partnership to build the £3.1bn CrossRail link between Paddington and Liverpool St, and claims that it will not cost the public a penny. The government would guarantee a bond issue totalling £1.15bn, another £1.15bn would be raised through a consortium of banks, and around £250m of equity would be provided by contractors building the tunnels.
590 _aWB
650 _aPUBLIC PRIVATE PARTNERSHIPS
650 _aCROSSRAIL
650 _aFUNDING
650 _aRAIL LINKS
650 _aPUBLIC PRIVATE PARTNERSHIPS
650 _aCORPORATION OF LONDON
690 _aPROPERTY-PROPERTY FINANCE AND INVESTMENT
942 _n0
999 _c61887
_d61887